000 00821nam a2200241 i 4500
001 bg
100 1 _aMEYER, Yves
245 1 0 _aWavelets and operators /
_cYves Meyer ; transl. by D.
_nH. Salinger.
260 _aCambridge :
_bCambridge University Press,
_c1992.
300 _aVII, 223 s. ;
_c24 cm.
490 1 _aCambridge Studies in Advanced Mathematics ;
_v37
504 _aBibliogr. - Indeks.
650 9 _aAnaliza falkowa
700 1 _aSALINGER, D. H.
_eTł.
830 _aCambridge Studies in Advanced Mathematics ;
020 _a0521458692
040 _cBPK
041 1 _aeng
_hfra
920 _a0-521-45869-2
942 _cKS
008 s pl f |000 0 pol
999 _c43938
_d43938
856 _uhttp://koha.tu.koszalin.pl/cgi-bin/koha/opac-detail.pl?biblionumber=43938
_yKatalog online BPK